|
|
|
|
| LEADER |
00000cas a2200000 a 4500 |
| 001 |
vtls009150820 |
| 003 |
SK-MaSNL |
| 005 |
20260228160628.0 |
| 008 |
071017c20079999xo qr p 0 b0slo |
| 022 |
|
|
|a 1337-6306
|
| 035 |
|
|
|a (SVKBB)vtls000275571
|
| 040 |
|
|
|a SVKBB
|b slo
|c SVKBB
|d SAVUK
|d SNK
|e AACR2
|
| 041 |
0 |
|
|a slo
|
| 044 |
|
|
|a xo
|c SK
|
| 072 |
|
7 |
|a 629
|x Dopravné prostriedky
|2 konspekt
|
| 080 |
|
|
|a 629.331
|2 2011
|
| 080 |
|
|
|a 656.13
|2 2011
|
| 080 |
|
|
|a 050
|2 2011
|
| 080 |
|
|
|a (051)-048.55
|2 2011
|
| 210 |
0 |
|
|a Fleet
|b (Bratisl.)
|
| 222 |
|
0 |
|a Fleet
|b (Bratislava)
|
| 245 |
0 |
0 |
|a Fleet
|b firemné automobily : špecializovaný štvrťročník pre správu a riadenie automobilových parkov v Slovenskej republike
|
| 246 |
1 |
3 |
|a Fleet firemné automobily
|
| 260 |
|
|
|a Bratislava
|b Auto Business Media
|c 2007-
|
| 300 |
|
|
|a zv.
|c 30 cm
|
| 310 |
|
|
|a 4x ročne
|
| 362 |
0 |
|
|a Roč. 1, č. 1 (2007)-
|
| 500 |
|
|
|a Redaktori sa menia
|
| 500 |
|
|
|a Registračné č.: MK SR 3813/2007 ; MK SR 2563/08
|
| 500 |
|
|
|a V r. 2007 vyšli 2 čísla
|
| 650 |
0 |
7 |
|a automobily
|2 SNKPH
|9 18879
|
| 650 |
0 |
7 |
|a automobilová doprava
|2 SNKPH
|9 67606
|
| 655 |
|
7 |
|a špecializované časopisy
|2 SNKPH
|9 70509
|
| 852 |
|
|
|a Štátna vedecká knižnica v Banskej Bystrici
|
| 856 |
4 |
1 |
|u http://www.firemneauto.sk/fleet.sk/
|
| 910 |
|
|
|a savuk
|
| 910 |
|
|
|a snk
|
| 916 |
|
|
|a 2007-2013
|
| 999 |
|
|
|c 3134
|d 5064
|
| 952 |
|
|
|0 0
|1 0
|4 0
|7 0
|8 0
|a SNK
|b SNK
|d 2023-01-24
|i snk2023/1443
|l 0
|o snkČSB 5891/13/2019
|p 17A1465230
|r 2026-02-21 20:03:14
|t č. 1-4
|w 2026-02-21
|y PREZ
|
| 952 |
|
|
|0 0
|1 0
|4 0
|7 0
|8 0
|a SNK
|b SNK
|d 2023-01-24
|i snk2023/1447
|l 0
|o snkČSB 5891/13/2019 D1
|p 17A1465229
|r 2026-02-21 20:03:15
|t č. 1-4
|w 2026-02-21
|y PREZ
|
| 952 |
|
|
|0 0
|1 0
|4 0
|7 0
|8 0
|a SNK
|b SNK
|d 2014-06-05
|f 1
|i snk2014/13159
|l 0
|o snkČSB 5891/1/2007
|p 17A1088254
|r 2026-02-21 21:14:36
|t č. 1-2
|w 2026-02-21
|y PREZ
|
| 952 |
|
|
|0 0
|1 0
|4 0
|7 0
|8 0
|a SNK
|b SNK
|d 2014-06-05
|i snk2014/13160
|l 0
|o snkČSB 5891/1/2007 D1
|p 17A1088255
|r 2026-02-21 21:14:36
|t č. 1-2
|w 2026-02-21
|y PREZ
|
| 952 |
|
|
|0 0
|1 0
|4 0
|7 0
|8 0
|a SNK
|b SNK
|d 2014-06-05
|f 1
|i snk2014/13161
|l 0
|o snkČSB 5891/2/2008
|p 17A1088256
|r 2026-02-21 21:14:36
|t č. 1-4
|w 2026-02-21
|y PREZ
|
| 952 |
|
|
|0 0
|1 0
|4 0
|7 0
|8 0
|a SNK
|b SNK
|d 2014-06-05
|i snk2014/13162
|l 0
|o snkČSB 5891/2/2008 D1
|p 17A1088257
|r 2026-02-21 21:14:36
|t č. 1-4
|w 2026-02-21
|y PREZ
|
| 952 |
|
|
|0 0
|1 0
|4 0
|7 0
|8 0
|a SNK
|b SNK
|d 2014-06-05
|f 1
|i snk2014/13163
|l 0
|o snkČSB 5891/3/2009
|p 17A1088258
|r 2026-02-21 21:14:36
|t č. 1-4
|w 2026-02-21
|y PREZ
|
| 952 |
|
|
|0 0
|1 0
|4 0
|7 0
|8 0
|a SNK
|b SNK
|d 2014-06-05
|i snk2014/13164
|l 0
|o snkČSB 5891/3/2009 D1
|p 17A1088259
|r 2026-02-21 21:14:36
|t č. 1-4
|w 2026-02-21
|y PREZ
|
| 952 |
|
|
|0 0
|1 0
|4 0
|7 0
|8 0
|a SNK
|b SNK
|d 2014-06-05
|f 1
|i snk2014/13165
|l 0
|o snkČSB 5891/4/2010
|p 17A1088260
|r 2026-02-21 21:14:36
|t č. 1-4
|w 2026-02-21
|y PREZ
|
| 952 |
|
|
|0 0
|1 0
|4 0
|7 0
|8 0
|a SNK
|b SNK
|d 2014-06-05
|i snk2014/13166
|l 0
|o snkČSB 5891/4/2010 D1
|p 17A1088261
|r 2026-02-21 21:14:36
|t č. 1-4
|w 2026-02-21
|y PREZ
|
| 952 |
|
|
|0 0
|1 0
|4 0
|7 0
|8 0
|a SNK
|b SNK
|d 2014-06-05
|f 1
|i snk2014/13167
|l 0
|o snkČSB 5891/5/2011
|p 17A1088262
|r 2026-02-21 21:14:36
|t č. 1-4
|w 2026-02-21
|y PREZ
|
| 952 |
|
|
|0 0
|1 0
|4 0
|7 0
|8 0
|a SNK
|b SNK
|d 2014-06-05
|i snk2014/13169
|l 0
|o snkČSB 5891/5/2011 D1
|p 17A1088263
|r 2026-02-21 21:14:36
|t č. 1-4
|w 2026-02-21
|y PREZ
|
| 952 |
|
|
|0 0
|1 0
|4 0
|7 0
|8 0
|a SNK
|b SNK
|d 2014-06-05
|f 1
|i snk2014/13170
|l 0
|o snkČSB 5891/6/2012
|p 17A1088264
|r 2026-02-21 21:14:36
|t č. 1-4
|w 2026-02-21
|y PREZ
|
| 952 |
|
|
|0 0
|1 0
|4 0
|7 0
|8 0
|a SNK
|b SNK
|d 2014-06-05
|i snk2014/13172
|l 0
|o snkČSB 5891/6/2012 D1
|p 17A1088265
|r 2026-02-21 21:14:36
|t č. 1-4
|w 2026-02-21
|y PREZ
|
| 952 |
|
|
|0 0
|1 0
|4 0
|7 0
|8 0
|a SNK
|b SNK
|d 2014-06-05
|f 1
|i snk2014/13179
|l 0
|o snkČSB 5891/7/2013
|p 17A1088266
|r 2026-02-21 21:14:36
|t č. 1-4
|w 2026-02-21
|y PREZ
|
| 952 |
|
|
|0 0
|1 0
|4 0
|7 0
|8 0
|a SNK
|b SNK
|d 2014-06-05
|i snk2014/13180
|l 0
|o snkČSB 5891/7/2013 D1
|p 17A1088267
|r 2026-02-21 21:14:36
|t č. 1-4
|w 2026-02-21
|y PREZ
|
| 952 |
|
|
|0 0
|1 0
|4 0
|7 0
|8 0
|a SNK
|b SNK
|d 2019-03-04
|i snk2019/5710
|l 0
|o snkČSB 5891/10/2016
|p 17A1343753
|r 2026-02-21 22:27:44
|t č. 1-4
|w 2026-02-21
|y PREZ
|
| 952 |
|
|
|0 0
|1 0
|4 0
|7 0
|8 0
|a SNK
|b SNK
|d 2019-03-04
|i snk2019/5711
|l 0
|o snkČSB 5891/11/2017
|p 17A1343754
|r 2026-02-21 22:27:44
|t č. 1-4
|w 2026-02-21
|y PREZ
|
| 952 |
|
|
|0 0
|1 0
|4 0
|7 0
|8 0
|a SNK
|b SNK
|d 2019-03-04
|i snk2019/5712
|l 0
|o snkČSB 5891/12/2018
|p 17A1343755
|r 2026-02-21 22:27:44
|t č. 1-4
|w 2026-02-21
|y PREZ
|
| 952 |
|
|
|0 0
|1 0
|4 0
|7 0
|8 0
|a SNK
|b SNK
|d 2019-03-04
|i snk2019/5716
|l 0
|o snkČSB 5891/8/2014 D1
|p 17A1343756
|r 2026-02-21 22:27:44
|t č. 1-4
|w 2026-02-21
|y PREZ
|
| 952 |
|
|
|0 0
|1 0
|4 0
|7 0
|8 0
|a SNK
|b SNK
|d 2019-03-04
|i snk2019/5717
|l 0
|o snkČSB 5891/9/2015 D1
|p 17A1343757
|r 2026-02-21 22:27:44
|t č. 1-4
|w 2026-02-21
|y PREZ
|
| 952 |
|
|
|0 0
|1 0
|4 0
|7 0
|8 0
|a SNK
|b SNK
|d 2019-03-04
|i snk2019/5718
|l 0
|o snkČSB 5891/10/2016 D1
|p 17A1343758
|r 2026-02-21 22:27:44
|t č. 1-4
|w 2026-02-21
|y PREZ
|
| 952 |
|
|
|0 0
|1 0
|4 0
|7 0
|8 0
|a SNK
|b SNK
|d 2019-03-04
|i snk2019/5700
|l 0
|o snkČSB 5891/8/2014
|p 17A1341524
|r 2026-02-21 22:28:33
|t č. 1-4
|w 2026-02-21
|y PREZ
|
| 952 |
|
|
|0 0
|1 0
|4 0
|7 0
|8 0
|a SNK
|b SNK
|d 2019-03-04
|i snk2019/5702
|l 0
|o snkČSB 5891/9/2015
|p 17A1341523
|r 2026-02-21 22:28:33
|t č. 1-4
|w 2026-02-21
|y PREZ
|
| 952 |
|
|
|0 0
|1 0
|4 0
|7 0
|8 0
|a SNK
|b SNK
|d 2019-03-04
|i snk2019/5719
|l 0
|o snkČSB 5891/11/2017 D1
|p 17A1343759
|r 2026-02-21 22:28:33
|t č. 1-4
|w 2026-02-21
|y PREZ
|
| 952 |
|
|
|0 0
|1 0
|4 0
|7 0
|8 0
|a SNK
|b SNK
|d 2019-03-04
|i snk2019/5720
|l 0
|o snkČSB 5891/12/2018 D1
|p 17A1343760
|r 2026-02-21 22:28:33
|t č. 1-4
|w 2026-02-21
|y PREZ
|